000 00739nam a2200217Ii 4500
003 JO-AjNU
008 230605s9999||||xx |||||||||||||| ||und||
017 _a1985/9/379
040 _aJO-AjNU
_bara
_erda
_cJO-AjNU
041 _aara
050 1 4 _aBP145.M8342 1985
100 3 _aأبو يحيى،محمد حسن,
_eauthor
_918150
245 0 0 _aأهداف التشريع الإسلامي
250 _aط1
264 3 1 _aعمان: دار الفرقان للنشر والتوزيع، 1985
300 _a739ص
336 _atext
_btxt
_2rdacontent
337 _aunmediated
_bn
_2rdamedia
338 _avolume
_bnc
_2rdacarrier
650 4 _aالشريعة الاسلامية- الاحكام الشرعية- الفقه الاسلامي
_918151
999 _aA5750
_c9318
_d9318